| 000 | 00851nam a22003137a 4500 | ||
|---|---|---|---|
| 005 | 20231101143633.0 | ||
| 008 | 170810b2012 xxu||||| |||| 00| 0 spa d | ||
| 020 | _a9789586487481 | ||
| 041 | _aESP | ||
| 082 | _a658.15 G968m | ||
| 100 |
_aGutiérrez Carmona, Jairo _943752 |
||
| 245 | _aMatemáticas financieras: con fórmulas, calculadora financiera y Excel | ||
| 260 | _aColombia | ||
| 260 | _bEcoe Ediciones | ||
| 260 | _c2012 | ||
| 300 | _a376 páginas | ||
| 650 | _aMATEMÁTICA FINANCIERA | ||
| 650 | _aFÓRMULAS | ||
| 650 | _aTASAS DE INTERÉS | ||
| 650 | _aDIAGRAMAS DE FLUJO DE EFECTIVO | ||
| 650 | _aTASAS ESPECIALES | ||
| 650 | _aTASAS COMPUESTAS | ||
| 650 | _aAMORTIZACIÓN | ||
| 650 | _aINDICADORES DE CONVENIENCIA ECONÓMICA | ||
| 650 | _aEXCEL | ||
| 942 |
_cBK _2ddc |
||
| 999 |
_c9720 _d9720 |
||